000 00400nam a2200121Ia 4500
008 171212s9999 xx 000 0 und d
020 _a9781783741830
100 _aTurri, John
245 _cTurri, John
_aKnowledge and the Norm of Assertion
_bAn Essay in Philosophical Science
260 _bOpen Book Publishers
_c2016
650 _aBiological Sciences
856 _uhttp://jstor.org/stable/j.ctt1bpmb9w
999 _c351581
_d351581